| 000 | 00465nam a22001697a 4500 | ||
|---|---|---|---|
| 005 | 20240827120924.0 | ||
| 008 | 240827b |||||||| |||| 00| 0 eng d | ||
| 020 | _a9780134682662 | ||
| 082 |
_a005.1 _bBIT-T |
||
| 100 | _aBittner, Kurt | ||
| 245 |
_aNexus framework for caling scrum / _cPatricia Kong |
||
| 260 |
_aindia: _bpearson; _c2018. |
||
| 300 |
_axiv, 154 p. : _bill; _c24 cm. |
||
| 500 | _ainclude index0 | ||
| 650 | _aMobile application | ||
| 999 |
_c36477 _d36477 |
||